| 000 | 00425nam a22001577a 4500 | ||
|---|---|---|---|
| 005 | 20250909122659.0 | ||
| 008 | 250909b |||||||| |||| 00| 0 eng d | ||
| 020 | _a978-9966-46-094-3 | ||
| 100 | _aNGUGI WA THIONGO | ||
| 245 | _aPETALS OF BLOOD | ||
| 260 |
_aNAIROBI _bEAST AFRICAN EDUCATIONAL PUBLISHERS _c1966 |
||
| 300 | _a344P. | ||
| 500 | _aINCLUDES AN INDEX | ||
| 650 | _aPOLITICAL FICTION-KENYA | ||
| 942 |
_2lcc _cBK |
||
| 999 |
_c216077 _d216077 |
||